The Parish churches of England / (Record no. 49836)

MARC details
000 -LEADER
campo de control de longitud fija 00599nam a2200181 i 4500
001 - NÚMERO DE CONTROL
campo de control 49836
003 - IDENTIFICADOR DE NÚMERO DE CONTROL
campo de control ES-MaACL
005 - FECHA Y HORA DE LA ÚLTIMA TRANSACCIÓN
campo de control 20230906162054.0
007 - CAMPO FIJO DE DESCRIPCIÓN FÍSICA--INFORMACIÓN GENERAL
campo de control de longitud fija t|
008 - DATOS DE LONGITUD FIJA--INFORMACIÓN GENERAL
campo de control de longitud fija 030724s1935 xxk ||||1| eng d
100 1# - ENTRADA PRINCIPAL--NOMBRE DE PERSONA
Nombre de persona Cox, J. Charles.
9 (RLIN) 41394
245 14 - MENCIÓN DEL TÍTULO
Título The Parish churches of England /
Mención de responsabilidad, etc. by J. Charles Cox ; edited, with additional chaptres by Charles Bradley Ford ; with a foreword by W.R. Inge.
260 ## - PUBLICACIÓN, DISTRIBUCIÓN, ETC.
Lugar de publicación, distribución, etc. London :
Nombre del editor, distribuidor, etc. B. J. Batsford Ltd.,
Fecha de publicación, distribución, etc. [1935]
300 ## - DESCRIPCIÓN FÍSICA
Extensión IX, 118 p. ;
Dimensiones 22 cm.
700 1# - ENTRADA AGREGADA--NOMBRE PERSONAL
Nombre de persona Ford, Charles Bradley.
9 (RLIN) 51696
700 1# - ENTRADA AGREGADA--NOMBRE PERSONAL
Nombre de persona Inge, W.R.
9 (RLIN) 65277
852 ## - LOCALIZACIÓN
Ubicación ES-MaACL
Número de control de estantería A-3521
Holdings
Estatus retirado Estado de pérdida Estado de daño No para préstamo Biblioteca de origen Biblioteca actual Ubicación en estantería Fecha de adquisición Fuente de adquisición Total de préstamos Signatura topográfica completa Código de barras Visto por última vez Precio de reemplazo Tipo de ítem Koha
        Biblioteca del Ateneo de Madrid Biblioteca del Ateneo de Madrid Sala Pecera Planta 1 17/01/2008     A-3521 1052432 23/02/2023 23/02/2023 Libro impreso